000 00325nam a2200133Ia 4500
008 190723s9999 xx 000 0 und d
020 _a978-0-7879-8280-5
100 _aDeborah L. Duarta
245 0 _aMastering Virtual Teams
250 _a3rd
260 _aSan Francisco
_bJossey Bass
_c2006
300 _a251.:p
942 _cBK
999 _c1709
_d1709